<?xml version="1.0" encoding="UTF-8"?>
<record
    xmlns:xsi="http://www.w3.org/2001/XMLSchema-instance"
    xsi:schemaLocation="http://www.loc.gov/MARC21/slim http://www.loc.gov/standards/marcxml/schema/MARC21slim.xsd"
    xmlns="http://www.loc.gov/MARC21/slim">

  <leader>02974nam a22003857a 4500</leader>
  <controlfield tag="003">OSt</controlfield>
  <controlfield tag="005">20260515070510.0</controlfield>
  <controlfield tag="008">260513b        |||||||| |||| 00| 0 aze d</controlfield>
  <datafield tag="040" ind1=" " ind2=" ">
    <subfield code="a">AZ-XaKU</subfield>
    <subfield code="b">aze</subfield>
    <subfield code="c">AZ-XaKU</subfield>
  </datafield>
  <datafield tag="041" ind1="0" ind2=" ">
    <subfield code="a">aze</subfield>
    <subfield code="a">eng</subfield>
    <subfield code="a">fre</subfield>
    <subfield code="a">rus</subfield>
    <subfield code="a">ger</subfield>
    <subfield code="a">spa</subfield>
  </datafield>
  <datafield tag="050" ind1="1" ind2="4">
    <subfield code="a">PL314 .Ef37 .M31116 2014</subfield>
  </datafield>
  <datafield tag="245" ind1="1" ind2="0">
    <subfield code="a">&#x130;lyas &#x18F;f&#x259;ndiyev 100</subfield>
    <subfield code="c">/ &#x130;deya m&#xFC;&#x259;llifi, layih&#x259;nin r&#x259;hb&#x259;ri v&#x259; t&#x259;rtib&#xE7;i: Tariyel M&#x259;mm&#x259;dov ; layih&#x259;nin m&#x259;sl&#x259;h&#x259;t&#xE7;isi: G&#xFC;nay &#x18F;f&#x259;ndiyeva ; m&#x259;tnin m&#xFC;&#x259;llifi v&#x259; elmi redaktor: Vidadi Qafarov ; kitab&#x131;n dizayn&#x131; v&#x259; videomontaj: Alina Cahangirova ; videoessenin ssenari m&#xFC;&#x259;llifl&#x259;ri:Vidadi Qafarov, El&#xE7;in C&#x259;f&#x259;rov ; ingilis, frans&#x131;z, alman v&#x259; ispan dill&#x259;rin&#x259; t&#x259;rc&#xFC;m&#x259; ed&#x259;n: Cavan&#x15F;ir Yusifli ; Az&#x259;rbaycan Respublikas&#x131; M&#x259;d&#x259;niyy&#x259;t v&#x259; Turizm Nazirliyi.</subfield>
  </datafield>
  <datafield tag="264" ind1=" " ind2=" ">
    <subfield code="a">Bak&#x131; :</subfield>
    <subfield code="c">2014.</subfield>
  </datafield>
  <datafield tag="300" ind1=" " ind2=" ">
    <subfield code="a">51 s&#x259;hif&#x259; ;</subfield>
    <subfield code="b">&#x15F;&#x259;killi ;</subfield>
    <subfield code="c">17 sm ;</subfield>
    <subfield code="e">1 DVD (videoesse).</subfield>
  </datafield>
  <datafield tag="336" ind1=" " ind2=" ">
    <subfield code="a">text</subfield>
    <subfield code="b">txt</subfield>
    <subfield code="2">rdacontent</subfield>
  </datafield>
  <datafield tag="337" ind1=" " ind2=" ">
    <subfield code="a">unmediated</subfield>
    <subfield code="b">n</subfield>
    <subfield code="2">rdamedia</subfield>
  </datafield>
  <datafield tag="338" ind1=" " ind2=" ">
    <subfield code="a">volume </subfield>
    <subfield code="b">nc</subfield>
    <subfield code="2">rdacarrier</subfield>
  </datafield>
  <datafield tag="500" ind1=" " ind2=" ">
    <subfield code="a">Kitab&#x131;n t&#x259;rtibat&#x131;nda istifad&#x259; olunmu&#x15F; foto, video v&#x259; arxiv eksponatlar&#x131; C.Cabbarl&#x131; ad. Az&#x259;rbaycan D&#xF6;vl&#x259;t Teatr Muzeyi, Az&#x259;rbaycan D&#xF6;vl&#x259;t Kino-Foto S&#x259;n&#x259;dl&#x259;ri Arxivi, S.M&#xFC;mtaz ad&#x131;na Az&#x259;rbaycan Respublikas&#x131; &#x18F;d&#x259;biyyat v&#x259; &#x130;nc&#x259;s&#x259;n&#x259;t Arxivi, Az&#x259;rbaycan D&#xF6;vl&#x259;t Televiziya v&#x259; Radiosu Qapal&#x131; S&#x259;hmdar C&#x259;miyy&#x259;ti, "Musiqi D&#xFC;nyas&#x131;&#x201D; elmi jurnal&#x131;n&#x131;n elektron arxivi, &#x130;lyas &#x18F;f&#x259;ndiyevin, El&#xE7;in &#x18F;f&#x259;ndiyevin &#x15F;&#x259;xsi arxivl&#x259;rind&#x259;n g&#xF6;t&#xFC;r&#xFC;lm&#xFC;&#x15F;d&#xFC;r.</subfield>
  </datafield>
  <datafield tag="505" ind1="0" ind2=" ">
    <subfield code="a">Az&#x259;rbaycan &#x259;d&#x259;biyyat&#x131;n&#x131;n geriy&#x259; baxmayan klassiki -- The classic of Azerbaijani literature, not looking back -- Le classique de la litt&#xE9;rature azerba&#xEF;djanaise ne regardant jamais en arri&#xE8;re -- &#x41D;&#x435; &#x43E;&#x433;&#x43B;&#x44F;&#x434;&#x44B;&#x432;&#x430;&#x44E;&#x449;&#x438;&#x439;&#x441;&#x44F; &#x43D;&#x430;&#x437;&#x430;&#x434; &#x43A;&#x43B;&#x430;&#x441;&#x441;&#x438;&#x43A; &#x410;&#x437;&#x435;&#x440;&#x431;&#x430;&#x439;&#x434;&#x436;&#x430;&#x43D;&#x441;&#x43A;&#x43E;&#x439; &#x43B;&#x438;&#x442;&#x435;&#x440;&#x430;&#x442;&#x443;&#x440;&#x44B; -- Nicht zur&#xFC;ckblickende klassiker der aserbaidschanischen literatur -- Cl&#xE1;sico que no ha mirado atras de la literatura de Azerbaiy&#xE1;n.





</subfield>
  </datafield>
  <datafield tag="521" ind1=" " ind2=" ">
    <subfield code="a">&#xDC;mumi oxucu k&#xFC;tl&#x259;si.</subfield>
  </datafield>
  <datafield tag="546" ind1=" " ind2=" ">
    <subfield code="a">Kitabda m&#x259;tn paralel olaraq ingilis, frans&#x131;z, rus, alman v&#x259; ispan dill&#x259;rind&#x259;dir.</subfield>
  </datafield>
  <datafield tag="600" ind1=" " ind2=" ">
    <subfield code="2">AZ-XaKU</subfield>
    <subfield code="a">&#x18F;f&#x259;ndiyev, &#x130;lyas,</subfield>
    <subfield code="d">1914 - 1996.</subfield>
  </datafield>
  <datafield tag="650" ind1=" " ind2="7">
    <subfield code="2">AZ-XaKU</subfield>
    <subfield code="a">Yaz&#x131;&#xE7;&#x131;lar </subfield>
    <subfield code="x">H&#x259;yat v&#x259; yarad&#x131;c&#x131;l&#x131;&#x11F;&#x131;</subfield>
    <subfield code="z">Az&#x259;rbaycan.</subfield>
  </datafield>
  <datafield tag="655" ind1=" " ind2=" ">
    <subfield code="a">Bioqrafiya.</subfield>
  </datafield>
  <datafield tag="700" ind1="1" ind2=" ">
    <subfield code="a">M&#x259;mm&#x259;dov, Tariyel,   </subfield>
    <subfield code="e">ideya m&#xFC;&#x259;llifi, layih&#x259;nin r&#x259;hb&#x259;ri v&#x259; t&#x259;rtib&#xE7;i.</subfield>
  </datafield>
  <datafield tag="700" ind1="1" ind2=" ">
    <subfield code="a">&#x18F;f&#x259;ndiyeva, G&#xFC;nay,</subfield>
    <subfield code="e">layih&#x259;nin m&#x259;sl&#x259;h&#x259;t&#xE7;isi.</subfield>
  </datafield>
  <datafield tag="700" ind1="1" ind2=" ">
    <subfield code="a">Qafarov, Vidadi, </subfield>
    <subfield code="e">m&#x259;tnin m&#xFC;&#x259;llifi v&#x259; elmi redaktor.</subfield>
  </datafield>
  <datafield tag="700" ind1="1" ind2=" ">
    <subfield code="a">Cahangirova, Alina, </subfield>
    <subfield code="e">kitab&#x131;n dizayn&#x131; v&#x259; videomontaj.</subfield>
  </datafield>
  <datafield tag="700" ind1="1" ind2=" ">
    <subfield code="a">Qafarov, Vidadi, </subfield>
    <subfield code="e">videoessenin ssenari m&#xFC;&#x259;llifi.</subfield>
  </datafield>
  <datafield tag="700" ind1="1" ind2=" ">
    <subfield code="a">C&#x259;f&#x259;rov, El&#xE7;in,</subfield>
    <subfield code="e">videoessenin ssenari m&#xFC;&#x259;llifi.</subfield>
  </datafield>
  <datafield tag="700" ind1="1" ind2=" ">
    <subfield code="a">Yusifli, Cavan&#x15F;ir,</subfield>
    <subfield code="e">ingilis, frans&#x131;z, alman v&#x259; ispan dill&#x259;rin&#x259; t&#x259;rc&#xFC;m&#x259; ed&#x259;n.</subfield>
  </datafield>
  <datafield tag="710" ind1="1" ind2=" ">
    <subfield code="a">Az&#x259;rbaycan Respublikas&#x131;.</subfield>
    <subfield code="b">M&#x259;d&#x259;niyy&#x259;t v&#x259; Turizm Nazirliyi.</subfield>
  </datafield>
  <datafield tag="942" ind1=" " ind2=" ">
    <subfield code="c">BOOK</subfield>
  </datafield>
  <datafield tag="999" ind1=" " ind2=" ">
    <subfield code="c">441</subfield>
    <subfield code="d">441</subfield>
  </datafield>
  <datafield tag="952" ind1=" " ind2=" ">
    <subfield code="0">0</subfield>
    <subfield code="1">0</subfield>
    <subfield code="2">lcc</subfield>
    <subfield code="4">0</subfield>
    <subfield code="7">0</subfield>
    <subfield code="8">FA</subfield>
    <subfield code="a">KU</subfield>
    <subfield code="b">KUA</subfield>
    <subfield code="d">2026-05-13</subfield>
    <subfield code="l">0</subfield>
    <subfield code="o">PL314 .Ef37 .M31116 2014</subfield>
    <subfield code="p">0000001221</subfield>
    <subfield code="r">2026-05-13 13:51:50</subfield>
    <subfield code="t">1</subfield>
    <subfield code="w">2026-05-13</subfield>
    <subfield code="y">BOOK</subfield>
  </datafield>
</record>
